000 00678cab a2200241 4500
001 WB3215-36
008 090401t1996 xxu||||| |||| 00| 0 eng d
035 _a(Sirsi) u69789
041 _aeng
245 _aFarmland from PFA
260 _c1996
350 _a0
490 _aTimes
_v6 April 1996, 7(1)
520 _aPulverised fuel ash (PFA), the waste product from coal, has been used by Drax power station near Selby to create farmland.
650 _aCOAL
650 _aDRAX POWER STATION
650 _aFARMLAND
650 _aPULVERISED FUEL ASH
650 _aWASTE PRODUCT
690 _aENVIRONMENTAL AND LAND CONSULTANCY
942 _n0
948 _c04/03/1997
999 _c43871
_d43871